000 01159nam0a22002651 4500
001 rc\3380988
005 20260407220053.0
021 _aRU
_b[72-37570]
035 _a(NLR Aleph) 007534243
090 _a7764430
_c7764430
100 _a20130115d1972 |||y0rusy50 ca
101 0 _arus
102 _aRU
105 _ay b |||||
200 1 _aАдсорбционные хроматографические и каталитические свойства цеолитов
_e[Сборник статей]
_f[АН ГССР. Ин-т физ. и орган. химии им. П.Г. Меликишвили]
210 _aТбилиси
_cМецниереба
_d1972
215 _a223 с.
_cграф.
_d21
320 _aСписки лит. в конце статей
606 _aЦеолиты
_xФизико-химические свойства
_jСборники
_2psbo
712 0 2 _aИнститут физической и органической химии им. П. Г. Меликишвили
_cТбилиси
_3RU\NLR\AUTH\8810146342
_9787048
801 0 _aRU
_bNLR
_gpsbo
801 1 _aRU
_bELAR
_2rusmarc
852 _aNLR
_j72-5/739
942 _cBOOK
980 _aNB